Welsh Clubs in the English Football League - Statistics

General Stats
  • This quiz has been taken 1,427 times
  • The average score is 4 of 6
Answer Stats
Clubs % Correct
Cardiff City
99%
Swansea City
98%
Wrexham
91%
Newport County
79%
Merthyr Town
36%
Aberdare Athletic
11%
No matching quizzes found
Score Distribution
Percent of People with Each Score
Percentile by Number Answered
Your Score History
You have not taken this quiz